Stratigraphic units of Vietnam
This book has 7 chapters: Chapter 1: Sedimentary basins in the geologigical evolution of Viet Nam; Chapter 2: Precambrian; Chapter 3: Lower paleozoic; Chapter 4: Middle paleozoic; Chapter 5: Upper paleozoic; Chapter 6: Mesozoic; Chapter 7: Cenozoic.
Đã lưu trong:
| 主要作者: | |
|---|---|
| 格式: | 圖書 |
| 語言: | Undetermined |
| 出版: |
Hà Nội
Vietnam National University Publishing House (Đại Học Quốc Gia)
2006
|
| 主題: | |
| 標簽: |
添加標簽
沒有標簽, 成為第一個標記此記錄!
|
| Thư viện lưu trữ: | Trung tâm Học liệu Trường Đại học Cần Thơ |
|---|
| LEADER | 00819nam a2200193Ia 4500 | ||
|---|---|---|---|
| 001 | CTU_126829 | ||
| 008 | 210402s9999 xx 000 0 und d | ||
| 082 | |a 551.7 | ||
| 082 | |b S899 | ||
| 100 | |a Thanh, Tong-Dzuy | ||
| 245 | 0 | |a Stratigraphic units of Vietnam | |
| 245 | 0 | |c Thanh, Tong-Dzuy ... [et al.] | |
| 260 | |a Hà Nội | ||
| 260 | |b Vietnam National University Publishing House (Đại Học Quốc Gia) | ||
| 260 | |c 2006 | ||
| 520 | |a This book has 7 chapters: Chapter 1: Sedimentary basins in the geologigical evolution of Viet Nam; Chapter 2: Precambrian; Chapter 3: Lower paleozoic; Chapter 4: Middle paleozoic; Chapter 5: Upper paleozoic; Chapter 6: Mesozoic; Chapter 7: Cenozoic. | ||
| 650 | |a Geology, stratigraphic | ||
| 904 | |i Minh | ||
| 980 | |a Trung tâm Học liệu Trường Đại học Cần Thơ | ||